=LDR 00000nam 2200000 4500 =001 $a INLIS000000000008558 =005 $a 20260702145217 =008 $a 260702################g##########0#ind## =022 ##$$a 978-602-0956-59-6 =035 ##$$a 0010-0726000007 =082 ##$$a 158.1 =084 ##$$a 158.1 MAX t =100 1#$$a Maxwell, John C. =245 ##$$a Today matters $b 12 tindakan harian penjamin kesuksesan di masa depan $c John C. Maxwell ; alih bahasa, Jimmy Simanungkalit ; editor, Darma Eka Saputra =247 ##$$a =260 ##$$a Surabaya $b MIC $c 2017 =300 ##$$a viii, 320 hlm $b $c 23 cm $e =310 ##$$a =321 ##$$a =520 #$$a =650 #$$a motivasi =700 #$$a Darma Eka Saputra (editor) =700 2#$$a Simanungkalit, Jimmy =856 ##$$a =Wor $a 1